| 000 | 02773nab a2200301 i 4500 | ||
|---|---|---|---|
| 003 | BR-BrBNA | ||
| 005 | 20240424140734.0 | ||
| 008 | 240424b2021 bl.ar|pooa||| 00| 0 eng | | ||
| 040 |
_aBR-BrBNA _beng |
||
| 072 |
_aF02 _b0920 |
||
| 100 | _aStuepp, Carlos André | ||
| 100 | _aAmaral, Bruna Aparecida do | ||
| 100 | _aAyub, Ricardo Antonio | ||
| 100 | _aFragoso, Rosimeri de Oliveira | ||
| 245 | _aPruning management of mini-stumps for mass propagation of blueberry | ||
| 500 | _aPublicação on-line; 13 ref.; Summaries (En, Pt) | ||
| 520 | _a Abstract – The objective of this work was to evaluate the influence of the pruning management of mini-stumps of the Climax blueberry cultivar, when weekly fertigated, on the productivity of the clonal mini-garden and on the rooting and root vigor of the mini-cuttings. The high survival of the ministumps (100%) and production of the mini-cuttings (182.9 mini-cuttings per square meter per month) evidence the high adaptability of the material to successive samplings and to the nutritional conditions provided to the clonal mini-garden, resulting in a high multiplication rate. The rooting percentages obtained at the different samplings remain stable, with a high average of rooted mini-cuttings, reaching 81.7%. Index terms: Vaccinium, clonal mini-garden, clonal seedling, mini-cuttings, root vigor, vegetative propagation. | ||
| 520 | _a Resumo – O objetivo deste trabalho foi avaliar a influência do manejo de poda de minicepas da cultivar Climax de mirtilo, quando fertirrigadas semanalmente, sobre a produtividade do minijardim clonal e sobre o enraizamento e o vigor radicial das miniestacas. As elevadas sobrevivência das minicepas (100%) e produção de miniestacas (182,9 miniestacas por metro quadrado por mês) evidenciam a boa adaptação do material às coletas sucessivas e às condições nutricionais fornecidas ao minijardim clonal, o que resultou em alta taxa de multiplicação. Os percentuais de enraizamento obtidos nas diferentes coletas se mantêm estáveis, com média elevada de miniestacas enraizadas, que alcança 81,7%. Termos para indexação: Vaccinium, minijardim clonal, mudas clonais, miniestacas, vigor radicial, propagação vegetativa. | ||
| 650 | _aMIRTILO | ||
| 650 | _aMUDA | ||
| 650 | _aFERTIRRIGAÇÃO | ||
| 650 | _aENRAIZAMENTO DE ESTACA | ||
| 650 | _aPROPAGAÇÃO VEGETATIVA | ||
| 773 | 0 |
_0920 _925801 _dBrasília-DF Empresa Brasileira de Pesquisa Agropecuária - EMBRAPA 1966- _o2023-436357 _tPesquisa Agropecuária Brasileira (Brazil) _x0100-204X _gv. 56 p. 1-5; (2021) _wBR2024000586 |
|
| 856 | _uhttps://www.scielo.br/j/pab/a/gXfFjSfcmm8xxKdSLbz9nwr/?format=pdf&lang=en | ||
| 942 | _cAnalítica | ||
| 999 |
_c299320 _d299320 |
||